| 000 | 00975nac a22002291u 4500 | ||
|---|---|---|---|
| 010 | _a 87008968 | ||
| 020 | _a0824778014 : | ||
| 082 | 0 | 0 |
_a668.1 _bR8131 |
| 090 |
_c4558 _d4558 |
||
| 100 | _aRosen, Milton J.[ed] | ||
| 245 | 0 | 0 |
_aSurfactants in emerging technologies / _cedited by Milton J. Rosen. |
| 260 |
_aNew York : _bM. Dekker,c1987. _cc1987. |
||
| 300 |
_ax, 215 p. : _bill. ; _c24 cm. |
||
| 440 | 0 |
_aSurfactant science series ; _vv. 26 |
|
| 500 | _aProceedings of a conference sponsored by the National Science Foundation, held at Brooklyn College of the City University of New York, June 6, 1986. | ||
| 504 | _aIncludes bibliographies and index. | ||
| 650 | 0 |
_aSurface active agents _xCongresses. |
|
| 650 | 0 |
_aHigh technology _xCongresses. |
|
| 710 | 2 | _aNational Science Foundation (U.S.) | |
| 942 |
_cBB _k668.1R8131 |
||
| 999 |
_c4558 _d4558 |
||